000 00865nas a2200289 4500
001 BR2015004981
003 BR-BrBNA
005 20231205125655.0
007 ta
008 230509b bl.|||p| |||| 00| 00por d
040 _aBR-BrBNA
_bpor
_cBiblioteca Nacional de Agricultura
041 _a(Pt)
072 _aF30
100 1 _aSilva, F.L. da
100 1 _aBaffa, D.C.F.
100 1 _aRezende, J.C. de
100 1 _aOliveira, A.C.B. de
100 1 _aPereira, A.A.
100 1 _aCruz, C.D
245 1 _aVariabilidade genética entre genótipos de café robusta no estado de Minas Gerais
650 _aMELHORAMENTO VEGETAL
650 _aCAFE ROBUSTA
650 _aGERMOPLASMA
773 0 _tCoffee Science (Brazil)
_xISSN 1809-6875
_g(Jan-Mar 2015), v.10(1) p. 20-27
_wBR2015004981
909 _a202311
_bLúcia
_c55
_dLúcia Elande
942 _2AGRIS
_n0
_cANA
999 _c245508
_d245508